[Event "Catalunya-chT Gp1"]
[Site "Barcelona"]
[Date "2024.02.03"]
[Round "3.5"]
[White "Eugene, Floryan"]
[Black "Perpinya Rofes, Lluis Maria"]
[Result "1-0"]
[WhiteElo "2398"]
[BlackElo "2236"]
[PlyCount "85"]
[EventDate "2024.01.20"]
[EventType "team-tourn"]
[EventRounds "7"]
[EventCountry "ESP"]
[SourceTitle "CB11_2024"]
[SourceDate "2024.03.13"]
[SourceVersion "1"]
[SourceVersionDate "2024.03.13"]
[SourceQuality "1"]
[WhiteTeam "Mollet"]
[BlackTeam "Colon Sabadell"]
[WhiteTeamCountry "ESP"]
[BlackTeamCountry "ESP"]

1. e4 c5 2. Nf3 Nc6 3. Bb5 g6 4. c3 Nf6 5. Qe2 Bg7 6. 0-0 0-0 7. d4 d5 8. e5 Ne4 9. Rd1 cxd4 10. cxd4 Bd7 11. Ne1 h6 12. Nc3 Nxc3 13. bxc3 Qa5 14. Bxc6 Bxc6 15. Bd2 Rac8 16. Qg4 Kh7 17. Nf3 Qa4 18. Qh4 f6 19. Re1 Rce8 20. Qg3 Qc2 21. Rac1 Qf5 22. Nh4 Qh5 23. f4 fxe5 24. dxe5 e6 25. Nf3 Rg8 26. Qf2 Bf8 27. Nd4 Bc5 28. Re3 Bxd4 29. cxd4 Qf5 30. Rh3 Rc8 31. Qh4 h5 32. Rhc3 Qf7 33. Qg5 Rge8 34. f5 exf5 35. Qh6+ Kg8 36. Rg3 Re6 37. Qxh5 Bd7 38. Rxc8+ Bxc8 39. Qh4 Re8 40. Rh3 Qg7 41. Bg5 f4 42. Bf6 g5 43. Qh5 1-0

[Event "ESP-ch Rapid"]
[Site "Linares"]
[Date "2023.08.19"]
[Round "3"]
[White "Perpinya Rofes, Lluis Maria"]
[Black "Cruz, Jonathan"]
[Result "0-1"]
[WhiteElo "2243"]
[BlackElo "2328"]
[PlyCount "70"]
[EventDate "2023.08.19"]
[EventType "swiss (rapid)"]
[EventRounds "10"]
[EventCountry "ESP"]
[SourceTitle "CBM 215 Extra"]
[Source "ChessBase"]
[SourceDate "2023.09.30"]
[SourceVersion "1"]
[SourceVersionDate "2023.09.30"]
[SourceQuality "1"]

1. e4 e5 2. Nf3 Nc6 3. Bb5 a6 4. Ba4 Nf6 5. 0-0 Be7 6. Re1 b5 7. Bb3 d6 8. c3 0-0 9. h3 Nd7 10. d4 Bf6 11. a4 Rb8 12. axb5 axb5 13. Be3 Bb7 14. Nbd2 exd4 15. cxd4 Nb4 16. Qb1 Re8 17. Bf4 Nf8 18. e5 dxe5 19. dxe5 Be7 20. Ne4 Qd3 21. Re3 Qxb1+ 22. Rxb1 Nd5 23. Bxd5 Bxd5 24. Bg5 Bb4 25. Rd1 Bb7 26. Rd4 Ba5 27. Nc5 Bb6 28. b4 Ne6 29. Rg4 Nxc5 30. bxc5 Bxc5 31. Rb3 b4 32. Bf6 g6 33. Nd4 Bd5 34. Rbg3 Be6 35. Rf4 b3 0-1

[Event "ESP-chT CECLUB Div2"]
[Site "Linares"]
[Date "2023.08.15"]
[Round "4.29"]
[White "Perpinya Rofes, Lluis Maria"]
[Black "Zapata, Karen"]
[Result "0-1"]
[WhiteElo "2243"]
[BlackElo "2061"]
[PlyCount "68"]
[EventDate "2023.08.13"]
[EventType "team-swiss"]
[EventRounds "7"]
[EventCountry "ESP"]
[SourceTitle "EXT 2024"]
[Source "ChessBase"]
[SourceDate "2023.10.10"]
[SourceVersion "1"]
[SourceVersionDate "2023.10.10"]
[SourceQuality "1"]
[WhiteTeam "Colon Sabadell Chessy"]
[BlackTeam "Rianxo CC"]
[WhiteTeamCountry "ESP"]
[BlackTeamCountry "ESP"]

1. e4 e5 2. Nf3 Nc6 3. Bb5 a6 4. Ba4 Nf6 5. 0-0 b5 6. Bb3 Be7 7. Re1 0-0 8. a4 b4 9. d3 d6 10. Nbd2 Na5 11. Ba2 Nd7 12. d4 exd4 13. Nxd4 Bf6 14. Nf1 Nc5 15. Bd5 Rb8 16. Ng3 Bd7 17. Nb3 Ncxb3 18. cxb3 c6 19. Bc4 Nxc4 20. bxc4 Be6 21. Qe2 Qa5 22. Bf4 Qc5 23. Rac1 b3 24. Nh5 Be5 25. Be3 Bd4 26. Qd1 Bxe3 27. Rxe3 f5 28. Nf4 Bc8 29. e5 dxe5 30. Nd3 Qd4 31. Nxe5 Qxb2 32. Rcc3 f4 33. Rxb3 Rxb3 34. Rxb3 Qxe5 0-1

[Event "ESP-chT CECLUB Div2"]
[Site "Linares"]
[Date "2023.08.15"]
[Round "3.4"]
[White "Rojo Huerta, Gabriel"]
[Black "Perpinya Rofes, Lluis Maria"]
[Result "1/2-1/2"]
[WhiteElo "2354"]
[BlackElo "2243"]
[PlyCount "72"]
[EventDate "2023.08.13"]
[EventType "team-swiss"]
[EventRounds "7"]
[EventCountry "ESP"]
[SourceTitle "EXT 2024"]
[Source "ChessBase"]
[SourceDate "2023.10.10"]
[SourceVersion "1"]
[SourceVersionDate "2023.10.10"]
[SourceQuality "1"]
[WhiteTeam "Filantropos Equigoma"]
[BlackTeam "Colon Sabadell Chessy"]
[WhiteTeamCountry "ESP"]
[BlackTeamCountry "ESP"]

1. d4 d5 2. c4 dxc4 3. e3 e5 4. Bxc4 Nc6 5. Nf3 e4 6. Nfd2 Qg5 7. g3 Nf6 8. Nc3 Qg6 9. Nb5 Bd6 10. b3 Bg4 11. Be2 h5 12. Nxd6+ cxd6 13. Ba3 Nd5 14. Bxg4 hxg4 15. Qe2 a6 16. Nc4 Ncb4 17. Bxb4 Nxb4 18. 0-0-0 Rc8 19. Qd2 Nd3+ 20. Kb1 0-0 21. Nb2 Nxb2 22. Kxb2 Rc6 23. Rc1 Rfc8 24. Rxc6 Rxc6 25. h3 gxh3 26. Rxh3 Qf5 27. Rh1 d5 28. Rc1 Rxc1 29. Kxc1 Qf3 30. Kb2 Kh7 31. Ka3 Kg6 32. Kb4 b6 33. Qc2 Kg5 34. Qc6 Qxf2 35. Qxd5+ f5 36. Qe5 Qxe3 1/2-1/2

[Event "ESP-chT CECLUB Div2"]
[Site "Linares"]
[Date "2023.08.13"]
[Round "1.34"]
[White "O'Neill Y Daneiko, Jose Antonio"]
[Black "Perpinya Rofes, Lluis Maria"]
[Result "1/2-1/2"]
[WhiteElo "1932"]
[BlackElo "2243"]
[PlyCount "57"]
[EventDate "2023.08.13"]
[EventType "team-swiss"]
[EventRounds "7"]
[EventCountry "ESP"]
[SourceTitle "EXT 2024"]
[Source "ChessBase"]
[SourceDate "2023.10.10"]
[SourceVersion "1"]
[SourceVersionDate "2023.10.10"]
[SourceQuality "1"]
[WhiteTeam "Gambito Benimaclet"]
[BlackTeam "Colon Sabadell Chessy"]
[WhiteTeamCountry "ESP"]
[BlackTeamCountry "ESP"]

1. e4 c5 2. Nf3 Nc6 3. Bb5 e6 4. 0-0 Nge7 5. Re1 Nd4 6. Nxd4 cxd4 7. c4 Nc6 8. d3 Be7 9. a3 0-0 10. f4 Qc7 11. Qe2 d6 12. Nd2 a6 13. Ba4 Rb8 14. b4 b5 15. cxb5 axb5 16. Bb3 Bb7 17. Nf3 Bf6 18. Bd2 g6 19. Rf1 Bg7 20. Rae1 Ne7 21. Rc1 Qb6 22. Rc2 Ra8 23. Bc1 d5 24. e5 Nf5 25. Bb2 h5 26. Qf2 f6 27. Nxd4 Nxd4 28. Bxd4 Qd8 29. Qe3 1/2-1/2

[Event "Badalona op 47th"]
[Site "Badalona"]
[Date "2023.08.10"]
[Round "9"]
[White "Bajaj, Prakhar"]
[Black "Perpinya Rofes, Lluis Maria"]
[Result "1-0"]
[WhiteElo "1914"]
[BlackElo "2243"]
[PlyCount "69"]
[EventDate "2023.08.02"]
[EventType "swiss"]
[EventRounds "9"]
[EventCountry "ESP"]
[SourceTitle "CBM 215 Extra"]
[Source "ChessBase"]
[SourceDate "2023.09.30"]
[SourceVersion "1"]
[SourceVersionDate "2023.09.30"]
[SourceQuality "1"]

1. e4 c5 2. Nf3 Nc6 3. Bb5 e5 4. 0-0 Bd6 5. c3 a6 6. Be2 Nf6 7. d4 cxd4 8. cxd4 exd4 9. Nxd4 Nxd4 10. Qxd4 Qc7 11. h3 0-0 12. Nc3 Re8 13. Nd5 Nxd5 14. Qxd5 Bc5 15. b3 d6 16. Bb2 Qe7 17. Rae1 Be6 18. Qd3 b5 19. Kh1 Rad8 20. Qg3 f6 21. f4 Bc8 22. Bh5 Rf8 23. Bd1 Bb7 24. Bc2 Bb4 25. Re2 d5 26. e5 d4 27. Rd1 Bc5 28. b4 Ba7 29. Qh4 h6 30. e6 Rd5 31. Be4 Rfd8 32. Qg4 d3 33. Qg6 Qxe6 34. Bxd5 Qxd5 35. Re7 1-0

[Event "Barcelona Sant Marti op-A 23rd"]
[Site "Barcelona"]
[Date "2023.07.19"]
[Round "7"]
[White "Kshatriya, Nitin Vekhande"]
[Black "Perpinya Rofes, Lluis Maria"]
[Result "1-0"]
[WhiteElo "2033"]
[BlackElo "2269"]
[PlyCount "83"]
[EventDate "2023.07.13"]
[EventType "swiss"]
[EventRounds "9"]
[EventCountry "ESP"]
[SourceTitle "CBM 215 Extra"]
[Source "ChessBase"]
[SourceDate "2023.09.30"]
[SourceVersion "1"]
[SourceVersionDate "2023.09.30"]
[SourceQuality "1"]

1. e4 c5 2. Nf3 Nc6 3. Bb5 e6 4. 0-0 Nge7 5. Re1 Nd4 6. Nxd4 cxd4 7. c3 Nc6 8. d3 Bc5 9. Bxc6 dxc6 10. e5 0-0 11. c4 f5 12. f4 b5 13. b3 Rb8 14. Rf1 bxc4 15. bxc4 Bb4 16. Bd2 c5 17. Bxb4 Rxb4 18. Nd2 Bd7 19. Qf3 Qc7 20. Rfb1 Rfb8 21. h3 Bc6 22. Qd1 Rb2 23. Rxb2 Rxb2 24. Qc1 Qb7 25. Rb1 Rb4 26. Rxb4 Qxb4 27. Kf2 a5 28. a3 Qc3 29. Qxc3 dxc3 30. Nb3 c2 31. g3 h6 32. Ke3 Ba4 33. Nc1 Kf7 34. d4 Bc6 35. Kd2 cxd4 36. Kxc2 Be4+ 37. Kd2 a4 38. Ne2 d3 39. Nc3 g5 40. Nxe4 fxe4 41. fxg5 hxg5 42. h4 1-0

[Event "Barcelona Sant Marti op-A 23rd"]
[Site "Barcelona"]
[Date "2023.07.15"]
[Round "3"]
[White "Troffiguer, Olivier"]
[Black "Perpinya Rofes, Lluis Maria"]
[Result "0-1"]
[WhiteElo "2028"]
[BlackElo "2269"]
[PlyCount "92"]
[EventDate "2023.07.13"]
[EventType "swiss"]
[EventRounds "9"]
[EventCountry "ESP"]
[SourceTitle "CBM 215 Extra"]
[Source "ChessBase"]
[SourceDate "2023.09.30"]
[SourceVersion "1"]
[SourceVersionDate "2023.09.30"]
[SourceQuality "1"]

1. d4 d5 2. Nf3 Nf6 3. g3 g6 4. Bg2 Bg7 5. 0-0 c6 6. b3 a5 7. a4 0-0 8. Bb2 Na6 9. Nbd2 Bf5 10. Nh4 Be6 11. Nhf3 h6 12. Re1 Qc7 13. Qc1 Rad8 14. c4 Qb6 15. c5 Qc7 16. Ne5 Nd7 17. Nd3 b6 18. cxb6 Qxb6 19. e3 Bf5 20. Bf1 Rc8 21. Ne5 Nxe5 22. dxe5 Nb4 23. e4 dxe4 24. Nxe4 Rfd8 25. Qc3 Rd5 26. Bc4 Bxe5 27. Qc1 Bxb2 28. Qxb2 Nd3 29. Bxd3 Rxd3 30. Qe5 Bxe4 31. Rxe4 e6 32. Rh4 Qxb3 33. Rxh6 Rd1+ 34. Kg2 Qd5+ 35. Qxd5 Rxd5 36. Rh4 c5 37. Rc1 e5 38. Rhc4 Kf8 39. f4 f6 40. fxe5 fxe5 41. Rg4 Rc6 42. Rb1 c4 43. Rb8+ Ke7 44. Rb7+ Rd7 45. Rb5 Kf6 46. Re4 c3 0-1

[Event "Barcelona Sant Marti op-A 23rd"]
[Site "Barcelona"]
[Date "2023.07.13"]
[Round "1"]
[White "Guix Torres, David"]
[Black "Perpinya Rofes, Lluis Maria"]
[Result "0-1"]
[WhiteElo "1954"]
[BlackElo "2269"]
[PlyCount "82"]
[EventDate "2023.07.13"]
[EventType "swiss"]
[EventRounds "9"]
[EventCountry "ESP"]
[SourceTitle "CBM 215 Extra"]
[Source "ChessBase"]
[SourceDate "2023.09.30"]
[SourceVersion "1"]
[SourceVersionDate "2023.09.30"]
[SourceQuality "1"]

1. e4 c5 2. Nf3 Nc6 3. d4 cxd4 4. c3 dxc3 5. Nxc3 d6 6. Bc4 a6 7. 0-0 Nf6 8. Bf4 e6 9. Qe2 Nh5 10. Be3 Be7 11. Rfd1 Bd7 12. Bb3 b5 13. Nd4 Nxd4 14. Bxd4 Nf4 15. Qf3 Ng6 16. g3 0-0 17. Qe2 Qb8 18. h4 Qb7 19. h5 Ne5 20. f4 Nc6 21. Bf2 Na5 22. Bc2 b4 23. Nb1 Bb5 24. Bd3 Rfc8 25. b3 Bf6 26. e5 dxe5 27. fxe5 Bxd3 28. Qe3 Be7 29. Rxd3 Bc5 30. Qg5 Qe4 31. Rd1 Qf3 32. Rf1 Bxf2+ 33. Rxf2 Qd1+ 34. Rf1 Qd4+ 35. Kg2 Rc2+ 36. Kh3 h6 37. Qf4 Qxf4 38. gxf4 Rd8 39. Kg4 Rd3 40. Rg1 g6 41. Rh1 Rg2+ 0-1

[Event "Llinars del Valles 3rd"]
[Site "Llinars del Valles"]
[Date "2023.06.30"]
[Round "6"]
[White "Perpinya Rofes, Lluis Maria"]
[Black "Comellas Blanchart, Jordi"]
[Result "1-0"]
[WhiteElo "2269"]
[BlackElo "1986"]
[PlyCount "39"]
[EventDate "2023.06.25"]
[EventType "swiss"]
[EventRounds "9"]
[EventCountry "ESP"]
[SourceTitle "CBM 215 Extra"]
[Source "ChessBase"]
[SourceDate "2023.09.30"]
[SourceVersion "1"]
[SourceVersionDate "2023.09.30"]
[SourceQuality "1"]

1. e4 c6 2. d4 d5 3. e5 c5 4. dxc5 e6 5. Nf3 Bxc5 6. Bd3 Nc6 7. 0-0 f6 8. Qe2 fxe5 9. Nxe5 Nxe5 10. Qxe5 Nf6 11. Bb5+ Kf7 12. Bf4 Rf8 13. Nd2 Kg8 14. Bg3 Qb6 15. Bd3 Bd4 16. Qe2 Bd7 17. c3 Bc5 18. Nf3 Rae8 19. Be5 Ng4 20. Bxh7+ 1-0

[Event "Catalunya-chT Gp2"]
[Site "Barcelona"]
[Date "2023.02.25"]
[Round "6.6"]
[White "Perpinya Rofes, Lluis Maria"]
[Black "Martin Gonzalez, Angel"]
[Result "1-0"]
[WhiteElo "2272"]
[BlackElo "2213"]
[PlyCount "93"]
[EventDate "2023.01.21"]
[EventType "team-tourn"]
[EventRounds "7"]
[EventCountry "ESP"]
[SourceTitle "CBM 213 Extra"]
[Source "ChessBase"]
[SourceDate "2023.05.31"]
[SourceVersion "1"]
[SourceVersionDate "2023.05.31"]
[SourceQuality "1"]
[WhiteTeam "Colon Sabadell"]
[BlackTeam "Barcelona Escacs CC"]
[WhiteTeamCountry "ESP"]
[BlackTeamCountry "ESP"]

1. e4 c5 2. Nf3 d6 3. c3 Nf6 4. Bd3 Nc6 5. 0-0 g6 6. Bc2 Bg4 7. d3 Bg7 8. Nbd2 0-0 9. h3 Bxf3 10. Nxf3 b5 11. d4 Nd7 12. Be3 Rb8 13. Qe2 b4 14. Ba4 Qc7 15. d5 Nce5 16. Nxe5 Nxe5 17. c4 e6 18. Rad1 exd5 19. Rxd5 f5 20. f4 Nc6 21. Bxc6 Qxc6 22. Rfd1 Rbe8 23. e5 dxe5 24. Bxc5 exf4 25. Qf2 Rf7 26. b3 a5 27. Qxf4 a4 28. Qf3 axb3 29. axb3 Bf8 30. Bxf8 Rfxf8 31. Rd7 Re4 32. Qf2 Rf7 33. R7d6 Qc7 34. c5 Rfe7 35. c6 R4e6 36. Qc5 Rxd6 37. Rxd6 Re1+ 38. Kf2 Re7 39. Qxb4 Qa7+ 40. Qd4 Qa6 41. Qc4+ Qxc4 42. bxc4 Kf7 43. Rd7 Rxd7 44. cxd7 Ke7 45. Ke3 Kxd7 46. Kf4 Kd6 47. Kg5 1-0

[Event "Catalunya-chT Gp2"]
[Site "Barcelona"]
[Date "2023.02.18"]
[Round "5.5"]
[White "Perpinya Rofes, Lluis Maria"]
[Black "Fernandez Lozano, Francesco"]
[Result "1-0"]
[WhiteElo "2272"]
[BlackElo "2036"]
[PlyCount "61"]
[EventDate "2023.01.21"]
[EventType "team-tourn"]
[EventRounds "7"]
[EventCountry "ESP"]
[SourceTitle "CBM 213 Extra"]
[Source "ChessBase"]
[SourceDate "2023.05.31"]
[SourceVersion "1"]
[SourceVersionDate "2023.05.31"]
[SourceQuality "1"]
[WhiteTeam "Colon Sabadell"]
[BlackTeam "Mollet"]
[WhiteTeamCountry "ESP"]
[BlackTeamCountry "ESP"]

1. e4 g6 2. d4 Bg7 3. Nc3 c6 4. Nf3 d5 5. h3 dxe4 6. Nxe4 Nf6 7. Nxf6+ exf6 8. Bf4 Be6 9. Be2 0-0 10. 0-0 Re8 11. c4 a5 12. Qd2 a4 13. Rfd1 Qa5 14. d5 Bd7 15. Qxa5 Rxa5 16. Kf1 Ra8 17. dxc6 Bxc6 18. Nd4 Bf8 19. Nxc6 Nxc6 20. Rd7 Re4 21. Bg3 Rae8 22. Bf3 R4e6 23. Rxb7 Bb4 24. Kg1 a3 25. Bxc6 axb2 26. Rf1 Rxc6 27. Rxb4 Re2 28. Rb1 f5 29. R4xb2 Rxb2 30. Rxb2 Rxc4 31. Be5 1-0

[Event "Sant Adria de Besos op"]
[Site "Sant Adria de Besos"]
[Date "2022.08.17"]
[Round "8"]
[White "Perpinya Rofes, Lluis Maria"]
[Black "Paredes Lagos, Anthony Javier"]
[Result "0-1"]
[WhiteElo "2301"]
[BlackElo "2160"]
[PlyCount "94"]
[EventDate "2022.08.11"]
[EventType "swiss"]
[EventRounds "9"]
[EventCountry "ESP"]
[SourceTitle "CBM 209 Extra"]
[Source "ChessBase"]
[SourceDate "2022.09.30"]
[SourceVersion "1"]
[SourceVersionDate "2022.09.30"]
[SourceQuality "1"]

1. e4 c5 2. Nf3 d6 3. d4 cxd4 4. Nxd4 Nf6 5. Nc3 a6 6. Be2 e5 7. Nb3 Be7 8. 0-0 0-0 9. Kh1 Nc6 10. f3 Be6 11. Be3 d5 12. exd5 Nxd5 13. Nxd5 Bxd5 14. c3 Rc8 15. Qe1 Na5 16. Rd1 Nxb3 17. axb3 Qa5 18. b4 Qa2 19. Rd2 Rfe8 20. Qg3 Bf8 21. Bd3 g6 22. Rfd1 Bb3 23. Re1 Qa4 24. h4 Red8 25. Bg5 Rd5 26. Ree2 Rxd3 27. Rxd3 Bc4 28. Red2 Bxd3 29. Rxd3 Qa1+ 30. Kh2 Qxb2 31. h5 Qc2 32. Re3 Qf5 33. hxg6 hxg6 34. Qh4 Bg7 35. Re4 b5 36. Be3 Bf6 37. Qf2 Rd8 38. Qe2 Kg7 39. c4 bxc4 40. Rxc4 Rh8+ 41. Kg1 Qb1+ 42. Rc1 Qxb4 43. Qxa6 Qh4 44. Kf1 e4 45. Ke2 Qg3 46. Rg1 exf3+ 47. gxf3 Rh2+ 0-1

[Event "Sant Adria de Besos op"]
[Site "Sant Adria de Besos"]
[Date "2022.08.11"]
[Round "1"]
[White "Krishnan, Ritvik"]
[Black "Perpinya Rofes, Lluis Maria"]
[Result "1-0"]
[WhiteElo "1968"]
[BlackElo "2301"]
[PlyCount "53"]
[EventDate "2022.08.11"]
[EventType "swiss"]
[EventRounds "9"]
[EventCountry "ESP"]
[SourceTitle "CBM 209 Extra"]
[Source "ChessBase"]
[SourceDate "2022.09.30"]
[SourceVersion "1"]
[SourceVersionDate "2022.09.30"]
[SourceQuality "1"]

1. c4 e5 2. g3 Nc6 3. Bg2 g6 4. Nc3 Bg7 5. Rb1 a5 6. a3 d6 7. b4 axb4 8. axb4 Nf6 9. d3 0-0 10. b5 Ne7 11. Nf3 h6 12. 0-0 Be6 13. Bb2 Qd7 14. Qb3 Bh3 15. Ra1 Rab8 16. c5 Nh5 17. Bxh3 Qxh3 18. b6 dxc5 19. bxc7 Rbc8 20. Qxb7 g5 21. Ra7 Ng6 22. Nd5 f5 23. Ra6 g4 24. Rxg6 gxf3 25. exf3 Kh7 26. Ne7 f4 27. Qe4 1-0

[Event "Badalona op 46th"]
[Site "Badalona"]
[Date "2022.08.02"]
[Round "1"]
[White "Perpinya Rofes, Lluis Maria"]
[Black "Vinuesa Sorli, Ruben"]
[Result "1-0"]
[WhiteElo "2301"]
[BlackElo "1991"]
[PlyCount "63"]
[EventDate "2022.08.02"]
[EventType "swiss"]
[EventRounds "9"]
[EventCountry "ESP"]
[SourceTitle "CBM 209 Extra"]
[Source "ChessBase"]
[SourceDate "2022.09.30"]
[SourceVersion "1"]
[SourceVersionDate "2022.09.30"]
[SourceQuality "1"]

1. e4 e5 2. Nf3 Nc6 3. Bb5 a6 4. Ba4 Nf6 5. 0-0 Be7 6. d3 b5 7. Bb3 d6 8. a3 0-0 9. Nc3 Bg4 10. Be3 Nd4 11. Bxd4 exd4 12. Nd5 c6 13. Nxf6+ Bxf6 14. h3 Bh5 15. g4 Bg6 16. Nd2 h6 17. f4 Qd7 18. Qf3 Rae8 19. Rae1 Bh7 20. Qg3 d5 21. h4 Bd8 22. f5 g6 23. f6 g5 24. hxg5 Kh8 25. e5 Rg8 26. Nf3 c5 27. Ba2 c4 28. Bb1 Rg6 29. Kg2 Reg8 30. e6 fxe6 31. Ne5 Rf8 32. Nxd7 1-0

[Event "Barcelona Sant Marti op-A 22nd"]
[Site "Barcelona"]
[Date "2022.07.20"]
[Round "8"]
[White "Millaret Lores, Francesco"]
[Black "Perpinya Rofes, Lluis Maria"]
[Result "0-1"]
[WhiteElo "2106"]
[BlackElo "2297"]
[PlyCount "128"]
[EventDate "2022.07.13"]
[EventType "swiss"]
[EventRounds "9"]
[EventCountry "ESP"]
[SourceTitle "CBM 209 Extra"]
[Source "ChessBase"]
[SourceDate "2022.09.30"]
[SourceVersion "1"]
[SourceVersionDate "2022.09.30"]
[SourceQuality "1"]

1. e4 c5 2. Nf3 Nc6 3. d4 cxd4 4. Nxd4 Nf6 5. Nc3 e6 6. Bg5 Qa5 7. Bxf6 gxf6 8. Nb3 Qe5 9. Qf3 Bb4 10. 0-0-0 Bxc3 11. Qxc3 Qxc3 12. bxc3 b6 13. Nd4 Na5 14. Nb5 Ke7 15. Nd6 Bb7 16. h4 Bc6 17. Ba6 Rhg8 18. Rhg1 Rg4 19. f3 Rxh4 20. Rd2 Rg8 21. Nc8+ Kd8 22. Nxa7 Kc7 23. Rgd1 Rd8 24. Nxc6 Nxc6 25. Rd6 Rh5 26. a4 Rc5 27. c4 Nb4 28. Bb5 Nd5 29. Rxd7+ Rxd7 30. Bxd7 Ne3 31. Rd3 Nxc4 32. Bb5 Nd6 33. Ra3 Nxb5 34. axb5 Kb7 35. Rd3 Kc8 36. Rb3 h5 37. Kd2 Rg5 38. Rc3+ Kd7 39. Rd3+ Ke7 40. Rc3 Rxg2+ 41. Ke1 h4 42. Kf1 Rg5 43. Rc8 Rxb5 44. Kg2 Rc5 45. Rxc5 bxc5 46. Kh3 Kd6 47. f4 c4 48. c3 Kc5 49. Kxh4 Kb5 50. e5 fxe5 51. fxe5 Ka4 52. Kg5 Kb3 53. Kf6 Kxc3 54. Kxf7 Kd4 55. Kxe6 c3 56. Kf6 c2 57. e6 c1Q 58. e7 Qf4+ 59. Kg7 Qg5+ 60. Kf7 Qf5+ 61. Ke8 Kd5 62. Kd8 Qf6 63. Kd7 Qd6+ 64. Ke8 Ke6 0-1

[Event "Barcelona Sant Marti op-A 22nd"]
[Site "Barcelona"]
[Date "2022.07.19"]
[Round "7"]
[White "Perpinya Rofes, Lluis Maria"]
[Black "Valenzuela Gomez, Fernando Alberto"]
[Result "0-1"]
[WhiteElo "2297"]
[BlackElo "2373"]
[PlyCount "48"]
[EventDate "2022.07.13"]
[EventType "swiss"]
[EventRounds "9"]
[EventCountry "ESP"]
[SourceTitle "CBM 209 Extra"]
[Source "ChessBase"]
[SourceDate "2022.09.30"]
[SourceVersion "1"]
[SourceVersionDate "2022.09.30"]
[SourceQuality "1"]

1. e4 c5 2. Nf3 d6 3. d4 cxd4 4. Nxd4 Nf6 5. Nc3 Nc6 6. Bg5 e6 7. Qd3 Bd7 8. 0-0-0 a6 9. Be2 h6 10. Nxc6 Bxc6 11. Bf4 Rc8 12. Qe3 Qc7 13. e5 Nd5 14. Nxd5 Bxd5 15. c4 dxe5 16. Bxe5 Qc6 17. Rxd5 Qxd5 18. Kb1 Qc5 19. Bd4 Qc6 20. Bf3 Qxc4 21. Bxb7 Rd8 22. Bc3 Bc5 23. Bxa6 Qa4 24. Be2 Bxe3 0-1

[Event "Barcelona Sant Marti op-A 22nd"]
[Site "Barcelona"]
[Date "2022.07.14"]
[Round "2"]
[White "Perpinya Rofes, Lluis Maria"]
[Black "Martinez Mesa, Chaneli"]
[Result "1-0"]
[WhiteElo "2297"]
[BlackElo "1875"]
[PlyCount "103"]
[EventDate "2022.07.13"]
[EventType "swiss"]
[EventRounds "9"]
[EventCountry "ESP"]
[SourceTitle "CBM 209 Extra"]
[Source "ChessBase"]
[SourceDate "2022.09.30"]
[SourceVersion "1"]
[SourceVersionDate "2022.09.30"]
[SourceQuality "1"]

1. e4 e6 2. d4 d5 3. Nc3 Bb4 4. exd5 exd5 5. Bd3 b6 6. Bd2 Ne7 7. Qf3 Ba6 8. 0-0-0 Bxd3 9. Qxd3 Bxc3 10. Bxc3 Qd6 11. Nf3 Nbc6 12. Kb1 a5 13. Rde1 0-0-0 14. Qa6+ Kb8 15. Bd2 Nf5 16. Qd3 Nfe7 17. g3 f6 18. Re3 Qd7 19. Rhe1 Nc8 20. R3e2 Nd6 21. Bf4 Nc4 22. Nd2 Nb4 23. Qb3 g5 24. Be3 Nxd2+ 25. Bxd2 Nc6 26. Qd3 Rde8 27. a3 Rxe2 28. Rxe2 Re8 29. Rxe8+ Qxe8 30. Be3 Qd7 31. b3 Kb7 32. Kb2 Qh3 33. Qe2 Qf5 34. f3 h6 35. g4 Qg6 36. Bf2 Qf7 37. h4 gxh4 38. Qe3 h5 39. Bxh4 hxg4 40. fxg4 f5 41. Qf4 Qh7 42. gxf5 a4 43. b4 Ne7 44. f6 Qf7 45. Bg3 Nc6 46. Qg5 Nxd4 47. Qg7 Qe6 48. Qxc7+ Ka6 49. Qe5 Qg4 50. Qxd5 Qd1 51. b5+ Ka5 52. Be1+ 1-0

[Event "Catalunya-chT Final"]
[Site "Barcelona"]
[Date "2022.04.02"]
[Round "2.8"]
[White "Perpinya Rofes, Lluis Maria"]
[Black "Perez Manas, Benjamin"]
[Result "1/2-1/2"]
[WhiteElo "2298"]
[BlackElo "2271"]
[PlyCount "94"]
[EventDate "2022.03.26"]
[EventType "team-k.o."]
[EventRounds "2"]
[EventCountry "ESP"]
[SourceTitle "CBM 208 Extra"]
[Source "ChessBase"]
[SourceDate "2022.07.31"]
[SourceVersion "1"]
[SourceVersionDate "2022.07.31"]
[SourceQuality "1"]
[WhiteTeam "Colon Sabadell"]
[BlackTeam "Barbera"]
[WhiteTeamCountry "ESP"]
[BlackTeamCountry "ESP"]

1. e4 c6 2. d4 d5 3. Nc3 dxe4 4. Nxe4 Nf6 5. Nxf6+ exf6 6. Bc4 Bd6 7. Qe2+ Qe7 8. Qxe7+ Kxe7 9. Ne2 Bf5 10. c3 b5 11. Bb3 Nd7 12. 0-0 Rhe8 13. Re1 Kf8 14. Bf4 Bxf4 15. Nxf4 Rxe1+ 16. Rxe1 Nb6 17. f3 a5 18. g4 Bg6 19. Kf2 a4 20. Nxg6+ hxg6 21. Bc2 Nc4 22. Be4 Ra6 23. Re2 g5 24. Bd3 Nb6 25. Rc2 Nc4 26. Bxc4 bxc4 27. Re2 Ra5 28. Ke1 f5 29. h3 Rd5 30. Kd1 g6 31. Kc2 Rb5 32. Re1 Ra5 33. Rb1 Ke7 34. b3 axb3+ 35. axb3 Ra2+ 36. Rb2 cxb3+ 37. Kxb3 Ra1 38. Kc4 Kd6 39. Rb7 f6 40. Rg7 Rf1 41. Rxg6 Ke6 42. Rg8 Rxf3 43. Rc8 Kd7 44. Rf8 Ke7 45. Rc8 Kd7 46. Rf8 Ke7 47. Rc8 Kd7 1/2-1/2

[Event "Catalunya-chT Gp2"]
[Site "Barcelona"]
[Date "2022.02.26"]
[Round "6.7"]
[White "Perpinya Rofes, Lluis Maria"]
[Black "Ano Pla, Gerard"]
[Result "0-1"]
[WhiteElo "2298"]
[BlackElo "2133"]
[PlyCount "92"]
[EventDate "2022.01.22"]
[EventType "team-tourn"]
[EventRounds "9"]
[EventCountry "ESP"]
[SourceTitle "CBM 208 Extra"]
[Source "ChessBase"]
[SourceDate "2022.07.31"]
[SourceVersion "1"]
[SourceVersionDate "2022.07.31"]
[SourceQuality "1"]
[WhiteTeam "Colon Sabadell"]
[BlackTeam "Valls"]
[WhiteTeamCountry "ESP"]
[BlackTeamCountry "ESP"]

1. e4 c5 2. Nc3 Nc6 3. Nge2 Nf6 4. d4 cxd4 5. Nxd4 e5 6. Ndb5 d6 7. Bg5 a6 8. Na3 b5 9. Bxf6 gxf6 10. Nd5 Bg7 11. g3 Ne7 12. Bg2 Be6 13. 0-0 Bxd5 14. exd5 f5 15. c3 0-0 16. Qh5 f4 17. gxf4 Ng6 18. Be4 exf4 19. Nc2 Re8 20. Rae1 Re5 21. Qh3 Qh4 22. Qxh4 Nxh4 23. f3 f5 24. Bd3 Rxd5 25. Rd1 Re5 26. Kf2 Rae8 27. a4 Bf6 28. axb5 axb5 29. Rfe1 Kf8 30. Re2 Bd8 31. Rxe5 Rxe5 32. Be2 Bb6+ 33. Kf1 Re6 34. Nd4 Rg6 35. Ra1 Kf7 36. Bxb5 Bxd4 37. cxd4 Nxf3 38. Ra7+ Ke6 39. Bc4+ Kf6 40. Rxh7 Nd2+ 41. Ke2 Nxc4 42. b3 Ne3 43. h4 Nd5 44. Rb7 Rg2+ 45. Kf3 Rg3+ 46. Kf2 Rh3 0-1